000 00587cam a2200205 4500
001 B2287
008 090401t1989 xxu||||| |||| 00| 0 eng d
035 _a(Sirsi) u49109
041 _aeng
050 _a332.6324
100 _aSiman, B.B.
245 _aProperty investment and advice : surveyors education and training: the future
260 _aOxford
_bOxford Polytechnic Department of Estate
_c1989
300 _a22,7p. ; 30cm.
350 _a5
490 _aOccasional Paper
_v5 s in Estate Management
650 _aABOUT RICS-RICS MEMBERS
942 _n0
948 _c04/03/1997
999 _c92488
_d92488